000 00322 a2200133 4500
001 150590
040 _cEscola São Tomás de Aquino
100 _aDAVIDSON, Alice Joyce
240 1 0 _aA história do filho pródigo
_lpor
245 1 0 _aA história do filho pródigo
362 0 _a1990
697 _aRELIGIÃO
942 _cBK
999 _c150590
_d150590